000 00574nam a2200193Ia 4500
005 20250923144853.0
008 008 250917s9999 xx 000 0 eng d
037 _aTextual
040 _aDSWL
_beng
_cDSWL
041 _aeng
_2eng
084 _aY31:7:7.23621'N2, N29
_qDSWL
100 _aBryane, F.L.
_9829268
245 4 _aThe Remabing of Village India
_cby F.L. Bryane
260 _aLondon
_bHamfhery Milford Oxford Un
_c1929
365 _aINR
_b6
925 _g6
942 _cTEXL
_hY31:7:7.23621'N2, N29
999 _c1444392
_d1444392